000 00272nam a2200109Ia 4500
008 220204s9999 xx 000 0 und d
082 _a82-36
_bMAN
100 _aManorama Jafa
245 4 _aThe Three idols and other stories
260 _aBombay
_bSubhash
_c1975
942 _cBK
999 _c37490
_d37490